[Event "Canadian op 51st"]
[Site "Montreal"]
[Date "2014.07.21"]
[Round "4"]
[White "Fleites Marti, Yuleikys"]
[Black "Chiku Ratte, Olivier Kenta"]
[Result "0-1"]
[WhiteElo "2163"]
[BlackElo "2190"]
[PlyCount "114"]
[EventDate "2014.07.19"]
[EventType "swiss"]
[EventRounds "9"]
[EventCountry "CAN"]
[SourceTitle "CBM 161 Extra"]
[Source "ChessBase"]
[SourceDate "2014.08.29"]
[SourceVersion "1"]
[SourceVersionDate "2014.08.29"]
[SourceQuality "1"]

1. e4 c5 2. Nf3 d6 3. d4 Nf6 4. Nc3 cxd4 5. Qxd4 a6 6. Be3 Nc6 7. Qd2 Bg4 8. 0-0-0 g6 9. h3 Bd7 10. g4 Bg7 11. g5 Nh5 12. Nd5 0-0 13. Bb6 Qc8 14. Nd4 Kh8 15. Be2 e6 16. Ne3 Ne5 17. Nb3 d5 18. exd5 exd5 19. Nxd5 Bb5 20. Bd4 Bxe2 21. Qxe2 Qf5 22. h4 Rad8 23. Nf6 Nf3 24. Bc5 Rxd1+ 25. Rxd1 Rc8 26. Nxh5 gxh5 27. Qe7 h6 28. Rd8+ Rxd8 29. Qxd8+ Kh7 30. gxh6 Bxh6+ 31. Kb1 Qe4 32. a3 Nxh4 33. Bd4 Ng6 34. Nc5 Qf5 35. Nxb7 Bg5 36. Qc7 Bf4 37. Qc6 h4 38. Nd8 h3 39. Qh1 h2 40. Be3 Qg4 41. Ka2 Qg1 42. Qd5 h1Q 43. Qxf7+ Kh6 44. Bxf4+ Nxf4 45. Qxf4+ Kh5 46. Qf5+ Kh4 47. Qh7+ Kg4 48. Qg6+ Kf3 49. Qf5+ Kg2 50. Qg5+ Kxf2 51. Qd2+ Kg3 52. Qg5+ Kf3 53. Qf5+ Ke2 54. Qd3+ Ke1 55. Qc3+ Kd1 56. Qd3+ Kc1 57. c4 Qd1 0-1

[Event "CUB-ch (Women)"]
[Site "Pinar del Rio"]
[Date "2014.02.09"]
[Round "5"]
[White "Fleites Marti, Yuleikys"]
[Black "Ordaz Valdes, Lisandra Teresa"]
[Result "1/2-1/2"]
[WhiteElo "2225"]
[BlackElo "2363"]
[PlyCount "163"]
[EventDate "2014.02.05"]
[EventType "tourn"]
[EventRounds "11"]
[EventCountry "CUB"]
[EventCategory "1"]
[SourceTitle "CBM 158 Extra"]
[Source "ChessBase"]
[SourceDate "2014.02.28"]
[SourceVersion "1"]
[SourceVersionDate "2014.02.28"]
[SourceQuality "1"]

1. e4 e5 2. Nf3 Nc6 3. Bb5 g6 4. d4 exd4 5. Nxd4 Bg7 6. Be3 Nf6 7. Nc3 0-0 8. Nde2 Re8 9. Ng3 a6 10. Bc4 b5 11. Bd5 Nxd5 12. exd5 Ne5 13. 0-0 Nc4 14. Qf3 d6 15. Rab1 Bb7 16. Bc1 f5 17. Nge2 Ne5 18. Qf4 Ng4 19. h3 Nf6 20. Qb4 a5 21. Qb3 b4 22. Nd4 Qc8 23. Ncb5 Bxd5 24. c4 bxc3 25. Qxc3 c5 26. Nxd6 cxd4 27. Qxd4 Qc6 28. Nxe8 Nxe8 29. Qh4 Bxg2 30. Re1 Be4 31. Ra1 Nf6 32. Bg5 Bh1 33. Qg3 Nh5 34. Qh2 Be4 35. Rac1 Qb5 36. Qd6 Qe5 37. Qxe5 Bxe5 38. f3 Bd4+ 39. Be3 Bxb2 40. fxe4 Bxc1 41. Bxc1 Re8 42. Bd2 fxe4 43. Bxa5 Nf4 44. Bd2 Nd3 45. Re3 Kf7 46. a4 Kf6 47. a5 Kf5 48. Re2 Nf4 49. Bxf4 Kxf4 50. a6 Kf3 51. Rf2+ Kg3 52. a7 e3 53. Re2 Kf3 54. Kf1 Rc8 55. Re1 Ra8 56. Ra1 g5 57. Ra5 h6 58. Ra6 h5 59. Ra5 h4 60. Rf5+ Ke4 61. Ra5 g4 62. hxg4 h3 63. Ra6 h2 64. Kg2 e2 65. Kxh2 Kf3 66. Rf6+ Kxg4 67. Re6 Kf3 68. Rf6+ Ke3 69. Re6+ Kd2 70. Rd6+ Ke1 71. Rd7 Rh8+ 72. Kg2 Rg8+ 73. Kh2 Rf8 74. Rf7 Rg8 75. Rd7 Re8 76. Kg2 Rg8+ 77. Kh2 Rf8 78. Rf7 Rh8+ 79. Kg2 Kd2 80. Rd7+ Ke1 81. Kg1 Rg8+ 82. Kh2 1/2-1/2

[Event "CUB-ch (Women)"]
[Site "Pinar del Rio"]
[Date "2014.02.08"]
[Round "4"]
[White "Miranda Llanes, Yerisbel"]
[Black "Fleites Marti, Yuleikys"]
[Result "1-0"]
[WhiteElo "2228"]
[BlackElo "2225"]
[PlyCount "111"]
[EventDate "2014.02.05"]
[EventType "tourn"]
[EventRounds "11"]
[EventCountry "CUB"]
[EventCategory "1"]
[SourceTitle "CBM 158 Extra"]
[Source "ChessBase"]
[SourceDate "2014.02.28"]
[SourceVersion "1"]
[SourceVersionDate "2014.02.28"]
[SourceQuality "1"]

1. d4 d5 2. c4 c6 3. e3 Nf6 4. Nf3 e6 5. Nbd2 Nbd7 6. Bd3 Bd6 7. 0-0 0-0 8. e4 e5 9. cxd5 cxd5 10. Re1 Re8 11. exd5 exd4 12. Ne4 Nxe4 13. Bxe4 Nf6 14. Bg5 Bg4 15. Qxd4 Bxf3 16. Bxf3 Qa5 17. Rxe8+ Rxe8 18. Be3 b6 19. Qc4 Rd8 20. Rd1 Nd7 21. Bd2 Qc5 22. Qxc5 Nxc5 23. Be3 Nd7 24. Rc1 Ne5 25. Be2 Kf8 26. Kf1 Ke7 27. g3 Nd7 28. Bf3 Nf6 29. Bd4 Kd7 30. Ke2 Rc8 31. Rxc8 Kxc8 32. Bxf6 gxf6 33. Bh5 Be5 34. b3 Kd7 35. Bxf7 Bd4 36. f4 Ke7 37. Bg8 h6 38. Be6 Bc5 39. Kf3 Bg1 40. h3 Bc5 41. Kg4 Bf2 42. Kh5 Bxg3 43. Kxh6 Bxf4+ 44. Kg6 Bg5 45. Kh5 Bd2 46. h4 Be1 47. Kg4 Kd6 48. h5 Ke5 49. h6 f5+ 50. Kg5 Bc3 51. h7 Kd6 52. Kxf5 Ke7 53. Kg6 a5 54. a4 Be5 55. Bh3 Bd4 56. d6+ 1-0

[Event "Panama op 3rd"]
[Site "Panama City"]
[Date "2013.11.05"]
[Round "9"]
[White "Fleites Marti, Yuleikys"]
[Black "Arias, Lemnys A"]
[Result "1/2-1/2"]
[WhiteElo "2181"]
[BlackElo "2329"]
[PlyCount "80"]
[EventDate "2013.10.30"]
[EventType "swiss"]
[EventRounds "9"]
[EventCountry "PAN"]
[SourceTitle "EXT 2014"]
[Source "ChessBase"]
[SourceDate "2013.11.20"]
[SourceVersion "1"]
[SourceVersionDate "2013.11.20"]
[SourceQuality "1"]

1. e4 c5 2. Nf3 d6 3. d4 cxd4 4. Qxd4 a6 5. Be3 Nf6 6. Nc3 Nc6 7. Qd2 Bg4 8. 0-0-0 e6 9. Be2 Be7 10. h3 Bh5 11. g4 Bg6 12. Bd3 Rc8 13. Nd4 b5 14. Nf5 Bxf5 15. gxf5 Qa5 16. Kb1 Nb4 17. a3 Nxd3 18. cxd3 exf5 19. Bd4 b4 20. Na2 fxe4 21. Qxb4 Qxb4 22. Nxb4 a5 23. Bxf6 axb4 24. Bxe7 Kxe7 25. Rhe1 bxa3 26. Rxe4+ Kd7 27. bxa3 Rc3 28. Kb2 Rhc8 29. Rd2 R3c5 30. Rde2 Rb8+ 31. Ka2 Rf5 32. f4 h6 33. Re7+ Kc6 34. Rc2+ Kd5 35. Rc4 g5 36. Ree4 gxf4 37. Rcd4+ Kc6 38. Rc4+ Kd5 39. Rcd4+ Kc6 40. Rc4+ Kd5 1/2-1/2

[Event "Bogota University op 7th"]
[Site "Bogota"]
[Date "2013.10.13"]
[Round "7"]
[White "Ruiz Sanchez, Orlen"]
[Black "Fleites Marti, Yuleikys"]
[Result "1-0"]
[WhiteElo "2420"]
[BlackElo "2181"]
[PlyCount "53"]
[EventDate "2013.10.10"]
[EventType "swiss"]
[EventRounds "9"]
[EventCountry "COL"]
[SourceTitle "CBM 156 Extra"]
[Source "ChessBase"]
[SourceDate "2013.10.22"]
[SourceVersion "1"]
[SourceVersionDate "2013.10.22"]
[SourceQuality "1"]

1. e4 c5 2. Nf3 Nc6 3. d4 cxd4 4. Nxd4 Nf6 5. Nc3 e5 6. Ndb5 d6 7. Bg5 a6 8. Na3 Be6 9. Nc4 Rc8 10. Ne3 Be7 11. Bxf6 Bxf6 12. Ncd5 0-0 13. h4 g6 14. h5 Bg7 15. Bd3 Ne7 16. Bc4 b5 17. Bb3 Rc5 18. hxg6 hxg6 19. a4 bxa4 20. Rxa4 Nxd5 21. Nxd5 Bxd5 22. Bxd5 Qb6 23. Bb3 a5 24. Qg4 d5 25. Qh3 Rfc8 26. exd5 Qf6 27. Rxa5 1-0

[Event "Bogota University op 7th"]
[Site "Bogota"]
[Date "2013.10.12"]
[Round "6"]
[White "Gomez Ledo, Roberto Carlos"]
[Black "Fleites Marti, Yuleikys"]
[Result "1/2-1/2"]
[WhiteElo "2426"]
[BlackElo "2181"]
[PlyCount "32"]
[EventDate "2013.10.10"]
[EventType "swiss"]
[EventRounds "9"]
[EventCountry "COL"]
[SourceTitle "CBM 156 Extra"]
[Source "ChessBase"]
[SourceDate "2013.10.22"]
[SourceVersion "1"]
[SourceVersionDate "2013.10.22"]
[SourceQuality "1"]

1. d4 d5 2. c4 c6 3. cxd5 cxd5 4. Nc3 Nf6 5. Bf4 Nc6 6. e3 Bf5 7. Rc1 e6 8. Qb3 Bb4 9. Bb5 0-0 10. Bxc6 Bxc3+ 11. Rxc3 bxc6 12. Ne2 Ne4 13. Rxc6 Qa5+ 14. Nc3 Rac8 15. Rxc8 Rxc8 16. 0-0 Nd2 1/2-1/2

[Event "Bogota University op 7th"]
[Site "Bogota"]
[Date "2013.10.11"]
[Round "4"]
[White "Martinez Duany, Lelys Stanley"]
[Black "Fleites Marti, Yuleikys"]
[Result "1-0"]
[WhiteElo "2473"]
[BlackElo "2181"]
[PlyCount "59"]
[EventDate "2013.10.10"]
[EventType "swiss"]
[EventRounds "9"]
[EventCountry "COL"]
[SourceTitle "CBM 156 Extra"]
[Source "ChessBase"]
[SourceDate "2013.10.22"]
[SourceVersion "1"]
[SourceVersionDate "2013.10.22"]
[SourceQuality "1"]

1. d4 d5 2. Nf3 Nf6 3. c4 c6 4. Qc2 e6 5. g3 Be7 6. Bg2 0-0 7. 0-0 Nbd7 8. Rd1 Ne4 9. Ne1 f5 10. Nd3 Qe8 11. Nd2 Nxd2 12. Bxd2 Bd6 13. b4 Nf6 14. a4 Qh5 15. Bf4 Bxf4 16. Nxf4 Qh6 17. b5 Bd7 18. Rab1 Rae8 19. Nd3 f4 20. Ne5 Re7 21. Qc1 g5 22. Qa3 Rg7 23. Qd6 dxc4 24. bxc6 bxc6 25. Rb7 Bc8 26. Rb8 Nd5 27. Rdb1 Nc3 28. Qxf8+ Kxf8 29. Rxc8+ Ke7 30. Rb7+ 1-0

[Event "Capablanca Memorial op-A 48th"]
[Site "Havana"]
[Date "2013.04.29"]
[Round "8"]
[White "Gutierrez Delgado, Yusuan Alfredo"]
[Black "Fleites Marti, Yuleikys"]
[Result "1-0"]
[WhiteElo "2335"]
[BlackElo "2171"]
[PlyCount "97"]
[EventDate "2013.04.21"]
[EventType "swiss"]
[EventRounds "10"]
[EventCountry "CUB"]
[SourceTitle "CBM 154 Extra"]
[Source "ChessBase"]
[SourceDate "2013.06.25"]
[SourceVersion "2"]
[SourceVersionDate "2013.06.25"]
[SourceQuality "1"]

1. e4 c5 2. Nf3 Nc6 3. d4 cxd4 4. Nxd4 Nf6 5. Nc3 e5 6. Ndb5 d6 7. Bg5 a6 8. Na3 b5 9. Nd5 Be7 10. Bxf6 Bxf6 11. c4 b4 12. Nc2 0-0 13. Be2 Bg5 14. Qd3 Rb8 15. 0-0 Be6 16. b3 a5 17. Rad1 a4 18. Bf3 Qa5 19. Qe2 g6 20. Bg4 f5 21. Bh3 Qa7 22. Kh1 Ne7 23. Ndxb4 axb3 24. axb3 Rb6 25. exf5 Bxf5 26. Bxf5 Nxf5 27. c5 dxc5 28. Qc4+ Qf7 29. Qxc5 Rfb8 30. Nc6 Be7 31. Qxe5 Bf6 32. Qc5 Rb5 33. Qc4 R8b6 34. Qa4 Qxb3 35. Qa8+ Kg7 36. Na3 Rc5 37. Rb1 Qxb1 38. Nxb1 Rbxc6 39. Nd2 Rc1 40. g3 Rxf1+ 41. Nxf1 Rc1 42. Kg2 Rc2 43. Qa4 Rb2 44. Qd7+ Kg8 45. Nd2 Bd4 46. Ne4 h5 47. Ng5 Rxf2+ 48. Kh3 Ne3 49. Qd8+ 1-0

[Event "Bogota op 10"]
[Site "Bogota"]
[Date "2012.10.12"]
[Round "2"]
[White "Fleites Marti, Yuleikys"]
[Black "Millan, John Alberto"]
[Result "0-1"]
[WhiteElo "2156"]
[BlackElo "1895"]
[PlyCount "28"]
[EventDate "2012.10.11"]
[EventType "swiss"]
[EventRounds "9"]
[EventCountry "COL"]
[SourceTitle "EXT 2013"]
[Source "ChessBase"]
[SourceDate "2012.11.22"]
[SourceVersion "1"]
[SourceVersionDate "2012.11.22"]
[SourceQuality "1"]

1. e4 e5 2. Bc4 Nf6 3. Nc3 Bc5 4. d3 h6 5. f4 d6 6. Nf3 Ng4 7. Qe2 Bf2+ 8. Kf1 Bd4 9. f5 Nf6 10. g4 Nh7 11. Kg2 c6 12. Bd2 Nd7 13. Na4 a5 14. Rac1 Qe7 0-1

[Event "Capablanca Memorial op-A 46th"]
[Site "Havana"]
[Date "2011.05.21"]
[Round "10"]
[White "Fleites Marti, Yuleikys"]
[Black "Vigoa Apecheche, Yanira"]
[Result "1/2-1/2"]
[WhiteElo "2167"]
[BlackElo "2279"]
[PlyCount "30"]
[EventDate "2011.05.11"]
[EventType "swiss"]
[EventRounds "10"]
[EventCountry "CUB"]
[SourceTitle "CBM 142 Extra"]
[Source "ChessBase"]
[SourceDate "2011.06.27"]
[SourceVersion "1"]
[SourceVersionDate "2011.06.27"]
[SourceQuality "1"]

1. e4 c5 2. Nc3 e6 3. Nf3 Nc6 4. Bb5 Nge7 5. 0-0 a6 6. Bxc6 Nxc6 7. d4 cxd4 8. Nxd4 d6 9. Nxc6 bxc6 10. Na4 Qa5 11. c4 c5 12. Bd2 Qc7 13. Bf4 Rb8 14. b3 Bb7 15. Re1 f6 1/2-1/2

[Event "Capablanca Memorial op-A 46th"]
[Site "Havana"]
[Date "2011.05.19"]
[Round "8"]
[White "Fleites Marti, Yuleikys"]
[Black "Cordero Suarez, Greisy"]
[Result "1-0"]
[WhiteElo "2167"]
[BlackElo "2116"]
[PlyCount "136"]
[EventDate "2011.05.11"]
[EventType "swiss"]
[EventRounds "10"]
[EventCountry "CUB"]
[SourceTitle "CBM 142 Extra"]
[Source "ChessBase"]
[SourceDate "2011.06.27"]
[SourceVersion "1"]
[SourceVersionDate "2011.06.27"]
[SourceQuality "1"]

1. Nc3 e6 2. e4 d5 3. d4 Bb4 4. e5 c5 5. a3 Ba5 6. b4 cxd4 7. Nb5 Bc7 8. f4 Bd7 9. Nf3 Bxb5 10. Bxb5+ Nc6 11. 0-0 Nge7 12. Bd3 g6 13. Kh1 h5 14. Qe1 Nf5 15. Bxf5 gxf5 16. Qg3 Qe7 17. b5 Na5 18. Bd2 0-0-0 19. Bb4 Qd7 20. Nxd4 Nc4 21. a4 Ba5 22. Bxa5 Nxa5 23. Qc3+ Qc7 24. Qb4 Kb8 25. Ra3 Qc4 26. Qxc4 Nxc4 27. Rg3 Rdg8 28. Rxg8+ Rxg8 29. Rf3 Rg4 30. Ne2 Nb2 31. Rh3 h4 32. a5 Nc4 33. b6 axb6 34. axb6 Nxb6 35. g3 hxg3 36. Rxg3 Rxg3 37. Nxg3 Kc8 38. h4 Kd8 39. Kg1 Nc4 40. Kf2 Na3 41. c3 Nb1 42. Ne2 Nd2 43. Ke3 Ne4 44. Kd3 Ke7 45. Nd4 f6 46. Nf3 Ng3 47. exf6+ Kxf6 48. Ne5 Ke7 49. Ng6+ Kf6 50. Ne5 Ne4 51. Nd7+ Ke7 52. Ne5 Nf2+ 53. Kd4 Ng4 54. Nd3 Kd6 55. h5 Ke7 56. Nc5 b6 57. Na4 Kf7 58. Nxb6 Nf6 59. h6 Ng4 60. h7 Kg7 61. Nd7 Kxh7 62. Nf8+ Kg8 63. Nxe6 Nf6 64. Nc7 Kf7 65. Ke5 Kg6 66. Nxd5 Ne4 67. c4 Kf7 68. Ne3 Nd6 1-0

[Event "CUB-ch (Women)"]
[Site "Ciudad de Holguin"]
[Date "2011.02.05"]
[Round "9"]
[White "Fleites Marti, Yuleikys"]
[Black "Perez Rodriguez, Jennifer"]
[Result "1/2-1/2"]
[WhiteElo "2155"]
[BlackElo "2231"]
[PlyCount "21"]
[EventDate "2011.01.28"]
[EventType "swiss"]
[EventRounds "9"]
[EventCountry "CUB"]
[EventCategory "1"]
[SourceTitle "EXT 2012"]
[Source "ChessBase"]
[SourceDate "2011.11.24"]
[SourceVersion "1"]
[SourceVersionDate "2011.11.24"]
[SourceQuality "1"]

1. e4 e5 2. Nf3 Nc6 3. Nc3 Nf6 4. d4 exd4 5. Nxd4 Bb4 6. Nxc6 bxc6 7. Bd3 0-0 8. 0-0 d5 9. exd5 cxd5 10. Bg5 c6 11. h3 1/2-1/2